000 00495nam a2200205Ia 4500
005 20250425162644.0
008 250425s9999 xx 000 0 und d
020 _a0130964492
041 _aeng
082 _a636.088
100 _aBOURDON, RICHARD M.
245 0 _aUNDERSTANDING ANIMAL BREEDING
250 _aSECOND EDITION
260 _aCOLORADO SPRINGS
260 _aEstados Unidos
_bPRENTICE HALL
_c2000
300 _a538
650 _aANIMALES
942 _c01
010 _a94626
999 _c233725
_d233725